Bà Dalloway

Tên sách tiếng Anh: Mrs Dalloway

Saved in:
Bibliographic Details
Main Author: Woolf, Virginia
Format: Book
Language:Undetermined
Published: Tp. Hồ Chí Minh Tổng hợp Tp. Hồ Chí Minh 2015
Subjects:
Online Access:http://lrc.tdmu.edu.vn/opac/search/detail.asp?aID=2&ID=31982
Tags: Add Tag
No Tags, Be the first to tag this record!
Institutions: Trung tâm Học liệu Trường Đại học Thủ Dầu Một
LEADER 00741nam a2200205Ia 4500
001 TDMU_31982
008 210410s9999 xx 000 0 und d
082 |a 362 
090 |b W432 
100 |a Woolf, Virginia 
245 0 |a Bà Dalloway 
245 0 |c Virginia Woolf;Nguyễn Thành Nhân (dịch) 
260 |a Tp. Hồ Chí Minh 
260 |b Tổng hợp Tp. Hồ Chí Minh 
260 |c 2015 
300 |a 311tr. 
520 |a Tên sách tiếng Anh: Mrs Dalloway 
650 |a Văn học hiện đại  |v Tiểu thuyết  |z Anh; Văn học Anh  |v Tiểu thuyết 
856 |u http://lrc.tdmu.edu.vn/opac/search/detail.asp?aID=2&ID=31982 
980 |a Trung tâm Học liệu Trường Đại học Thủ Dầu Một